Cajamarca (Registro nro. 69471)
[ vista simple ]
| 000 -ENCABEZADO | |
|---|---|
| Número de control [NR] | 01055nam a22002657a 4500 |
| 008 - DE LONGITUD FIJA DE DATOS DE ELEMENTOS - INFORMACIÓN GENERAL | |
| Elementos de longitud fija [NR] | 130821s2009 pe ao gr spa |
| 020 ## - NUMERO INTERNACIONAL NORMALIZADO PARA LIBROS [R] | |
| Número Internacional Normalizado del libro [NR] | 9789972607707 |
| 040 ## - FUENTE DE CATALOGACION [NR] | |
| Agencia de catalogación original [NR] | Co-BoUCM |
| Idioma de catalogación [NR] | spa |
| 041 0# - CODIGO DE IDIOMA [R] | |
| Código de idioma para texto/pista de sonido o título separado [R] | Español |
| 092 ## - SIGNATURA TOPOGRAFICA LOCAL | |
| Número de clasificación local | E63N010 |
| 100 1# - ASIENTO PRINCIPAL--NOMBRE PERSONAL [NR] | |
| Nombre personal [NR] | Olivas Weston, Marcela |
| 245 10 - MENCION DE TITULO [NR] | |
| Título [NR] | Cajamarca |
| Parte restante del título [NR] | el sabor del mestizaje |
| Mención de responsabilidad, etc. [NR] | Marcela Olivas Weston. |
| 260 ## - PUBLICACION, DISTRIBUCION, ETC. (PIE DE IMPRENTA) [R] | |
| Lugar de publicación, distribución, etc. [R] | La Victoria (Perú) |
| Nombre del editor, distribuidor, etc. [R] | Universidad de San Martín de Porres. Fondo Editorial |
| Fecha de publicación, distribución, etc. [R] | 2009 |
| 300 ## - DESCRIPCION FISICA [R] | |
| Extensión [R] | 225 páginas |
| Otros detalles físicos [NR] | ilustraciones, fotografías |
| 504 ## - NOTA DE BIBLIOGRAFIA, ETC. [R] | |
| Nota de bibliografía, etc. [NR] | |
| 505 0# - NOTA DE CONTENIDO CON FORMATO PREESTABLECIDO [R] | |
| Nota de contenido con formato preestablecido [NR] | Cajamarca ; La cocina festiva ; La chicha ; El pan ; Los dulces ; Testimonios ; Recetas ; Índice de recetas ; Glosario ; Bibliografía. |
| 506 ## - NOTA DE RESTRICCIONES DE ACCESO [R] | |
| Condiciones de acceso [NR] | Consulta en sala. |
| 650 04 - ASIENTO SECUNDARIO DE MATERIA - TERMINO TEMATICO [R] | |
| Término temático o nombre geográfico como elemento de entrada [NR] | Cocina |
| Subdivisión geográfica [R] | Cajamarca (peru) |
| 9 (RLIN) | 11068 |
| 650 04 - ASIENTO SECUNDARIO DE MATERIA - TERMINO TEMATICO [R] | |
| Término temático o nombre geográfico como elemento de entrada [NR] | Comidas y banquetes |
| Subdivisión geográfica [R] | Cajamarca (peru) |
| 9 (RLIN) | 11218 |
| 650 04 - ASIENTO SECUNDARIO DE MATERIA - TERMINO TEMATICO [R] | |
| Término temático o nombre geográfico como elemento de entrada [NR] | Economía |
| 9 (RLIN) | 174 |
| 650 04 - ASIENTO SECUNDARIO DE MATERIA - TERMINO TEMATICO [R] | |
| Término temático o nombre geográfico como elemento de entrada [NR] | Gastronomía |
| Subdivisión geográfica [R] | Campeonatos y competiciones |
| 9 (RLIN) | 26496 |
| 650 04 - ASIENTO SECUNDARIO DE MATERIA - TERMINO TEMATICO [R] | |
| Término temático o nombre geográfico como elemento de entrada [NR] | Preparación de alimentos |
| 9 (RLIN) | 22208 |
| 942 ## - ELEMENTOS DE ENTRADA AGREGADOS (KOHA) | |
| Tipo de ítem principal el descrito en 300a | Libro |
| Tema principal | Economía |
| Edición | 1 |
| Sistema de clasificación | DEWEY |
| Clasificación | 641.5 |
| Total préstamos | Código de barras | Última vez visto | Volúmen / Fascículo | Ejemplar | Price effective from | Tipo de ítem | Perdido | Sistema de clasificación | Dañado | No prestable | Tipo de ítem específico | Suprimido | Ubicación habitual | Ubicación actual | Localización | Fecha de creación | Forma de adquisición | Costo |
|---|---|---|---|---|---|---|---|---|---|---|---|---|---|---|---|---|---|---|
| L000719 | 15/12/2012 | E63N010 | Ej.1 | 03/02/2013 | Libro | DEWEY | Libro archivo | Archivo Histórico | Archivo histórico | 28/02/2013 | Donación | 0.00 |